000 00279nam a22001337a 4500
008 170209b xxu||||| |||| 00| 0 eng d
020 _a2801560534763
041 _aeng
080 _a61
100 _a4
101 _aSHM
245 _aMEDICAL SECRETS
_cZOLLO .J
942 _2udc
_cBK
999 _c5044
_d5044